Vista normal Vista MARC

Entrada Personal Name

Número de registros utilizados en: 1

001 - CONTROL NUMBER

  • control field: 1090

003 - CONTROL NUMBER IDENTIFIER

  • control field: AR-EsCIE

005 - DATE AND TIME OF LATEST TRANSACTION

  • control field: 20251029090101.0

008 - FIXED-LENGTH DATA ELEMENTS

  • fixed length control field: 251029|| aca||aabn | a|a d

040 ## - CATALOGING SOURCE

  • Original cataloging agency: AR-EsCIE

100 1# - HEADING--PERSONAL NAME

  • Personal name: Houghton, J. T.
  • Dates associated with a name: 1931-2020
  • Fuller form of name: (John Theodore),

400 1# - SEE FROM TRACING--PERSONAL NAME

  • Personal name: Houghton, John,
  • Dates associated with a name: 1931-2020

400 1# - SEE FROM TRACING--PERSONAL NAME

  • Personal name: Houghton, John T.
  • Dates associated with a name: 1930-2020
  • Fuller form of name: (John Theodore),

670 ## - SOURCE DATA FOUND

  • Source citation: LOC